000 00391pab a2200133 454500
008 180718b xxu||||| |||| 00| 0 eng d
100 _aSarkar Prabirjit
245 _aExchange rate and balance of trade
362 _a29(35), 27 Aug 1994, p.2310-311
650 _a Foreign Exchange -- India
650 _aBalance of Payments -- India
773 _aEconomic and Political Weekly
909 _a27134
999 _c27134
_d27134